Statistics for TNA Wrestlers

Click here to take the quiz!

General Stats

  • This quiz has been taken 175 times
  • The average score is 19 of 30

Answer Stats

Hint Answer % Correct
PhenominalAJ Styles
96%
The MonsterAbyss
92%
The IconSting
90%
HulkamaniaHulk Hogan
88%
The BullyBully Ray
87%
It FactorBobby Roode
85%
Samoan Submission MachineSamoa Joe
85%
Charismatic EnigmaJeff Hardy
85%
The CowboyJames Storm
82%
BlueprintMatt Morgan
80%
The Whole F'n ShowRob Van Dam
74%
EYEric Young
74%
Fallen AngelChristopher Daniels
73%
Greatest Man That Ever LivedAustin Aries
71%
Aces & 8s-Sgt. At ArmsDevon
67%
Chavito HeatChavo Guerrero
67%
KazKazarian
65%
Jersey ShoreRobbie E
63%
Aces & 8s-Director of ChaosDOC
58%
The CyborgKurt Angle
57%
LAXHernandez
53%
Aces & 8s-NomadsMr. Anderson
53%
MCMGChris Sabin
50%
Undefeated StreakCrimson
45%
BrutusMagnus
43%
The FreakRob Terry
35%
The KingKenny King
32%
Aces & 8s-NomadsWes Brisco
31%
Pec-TactularJessie Godderz
23%
Aces & 8s-NomadsGarett Bischoff
17%

Score Distribution

Percentile by Number Answered

Percent of People with Each Score

Your Score History

You have not taken this quiz